000 00768nam a22002537a 4500
003 0
005 20180728180612.0
008 0
010 _aB-058854
020 _c00.00
_a8177080083
035 _aB-058854, B-058855
037 _bCen Lib/Ret
040 _aDPL
_bEN
_c0
082 _a331.0954
_bIND
245 _aIndia :
_cedited by V.S. Jafa
_blabour and empolyment scenaro in the 21st century /
260 _aNew Delhi
_bNew Century Publications
_c2001
270 _bNew Delhi
_a34, gujrawala town part-2
_e110033
300 _axi, 211p.
_c21cm(Hb)
500 _aIncludes bibliographical references
650 _aLaw
_zIndia
_91919
650 _aLabour policy
_911807
700 _aJafa, V.S.
_911808
942 _2ddc
_cEN
_h331.0954
_mIND
999 _c124745
_d124745